Statistics for Fast typing 1- 500

Click here to take the quiz!

General Stats

  • This quiz has been taken 24 times
  • The average score is 211 of 500

Answer Stats

HintAnswer% Correct
11
100%
11
100%
12
100%
13
100%
14
100%
2
100%
3
100%
31
100%
34
100%
4
100%
43
100%
5
100%
56
100%
6
100%
7
100%
8
100%
9
100%
10
95%
15
95%
16
95%
20
95%
22
95%
33
95%
36
95%
39
95%
44
95%
47
95%
49
95%
52
95%
57
95%
61
95%
63
95%
65
95%
17
89%
18
89%
19
89%
21
89%
23
89%
27
89%
30
89%
32
89%
35
89%
37
89%
38
89%
40
89%
41
89%
45
89%
46
89%
48
89%
50
89%
53
89%
58
89%
62
89%
64
89%
66
89%
67
89%
68
89%
69
89%
70
89%
87
89%
88
89%
89
89%
99
89%
24
84%
25
84%
26
84%
28
84%
29
84%
42
84%
51
84%
54
84%
55
84%
59
84%
60
84%
71
84%
72
84%
73
84%
74
84%
75
84%
76
84%
77
84%
78
84%
79
84%
80
84%
81
84%
83
84%
84
84%
85
84%
86
84%
94
84%
98
84%
100
79%
82
79%
90
79%
91
79%
92
79%
93
79%
95
79%
96
79%
97
79%
101
68%
102
68%
103
68%
104
68%
105
68%
110
68%
112
68%
113
68%
121
68%
125
68%
109
63%
111
63%
114
63%
115
63%
116
63%
117
63%
120
63%
123
63%
124
63%
126
63%
127
63%
128
63%
130
63%
132
63%
134
63%
142
63%
143
63%
145
63%
206
63%
106
58%
107
58%
108
58%
118
58%
119
58%
129
58%
131
58%
133
58%
135
58%
136
58%
137
58%
138
58%
139
58%
140
58%
144
58%
146
58%
147
58%
148
58%
149
58%
202
58%
207
58%
222
58%
122
53%
141
53%
150
53%
151
53%
152
53%
153
53%
154
53%
155
53%
157
53%
158
53%
159
53%
161
53%
169
53%
178
53%
182
53%
195
53%
200
53%
205
53%
208
53%
209
53%
226
53%
230
53%
232
53%
234
53%
239
53%
243
53%
252
53%
260
53%
156
47%
160
47%
162
47%
163
47%
164
47%
165
47%
167
47%
168
47%
170
47%
171
47%
172
47%
173
47%
174
47%
175
47%
176
47%
177
47%
179
47%
180
47%
181
47%
183
47%
184
47%
185
47%
186
47%
187
47%
188
47%
189
47%
190
47%
191
47%
192
47%
193
47%
194
47%
196
47%
197
47%
198
47%
199
47%
201
47%
203
47%
204
47%
210
47%
211
47%
212
47%
213
47%
214
47%
215
47%
216
47%
217
47%
218
47%
219
47%
220
47%
221
47%
223
47%
224
47%
225
47%
227
47%
228
47%
229
47%
231
47%
233
47%
235
47%
236
47%
237
47%
238
47%
240
47%
241
47%
242
47%
246
47%
249
47%
250
47%
251
47%
253
47%
254
47%
255
47%
256
47%
257
47%
258
47%
259
47%
274
47%
166
42%
245
42%
247
42%
248
42%
261
42%
262
42%
263
42%
264
42%
265
42%
266
42%
267
42%
268
42%
269
42%
270
42%
271
42%
272
42%
273
42%
275
42%
276
42%
277
42%
278
42%
279
42%
280
42%
282
42%
289
42%
290
42%
244
37%
281
37%
283
37%
284
37%
285
37%
286
37%
287
37%
288
37%
291
37%
292
37%
293
37%
294
37%
295
37%
296
37%
297
37%
304
37%
298
32%
299
32%
300
32%
301
32%
302
32%
303
32%
305
32%
306
32%
307
32%
308
32%
309
32%
310
32%
311
32%
312
32%
313
32%
314
32%
323
32%
333
32%
315
26%
316
26%
317
26%
318
26%
319
26%
320
26%
321
26%
322
26%
324
21%
325
21%
326
21%
327
21%
328
21%
329
21%
330
21%
331
21%
332
21%
334
21%
335
21%
336
21%
340
21%
337
16%
338
16%
339
16%
341
16%
343
16%
353
16%
424
16%
444
16%
500
16%
342
11%
344
11%
345
11%
346
11%
347
11%
348
11%
349
11%
350
11%
351
11%
352
11%
354
11%
355
11%
356
11%
357
11%
404
11%
434
11%
435
11%
483
11%
484
11%
485
11%
486
11%
487
11%
489
11%
490
11%
493
11%
494
11%
495
11%
496
11%
497
11%
498
11%
499
11%
358
5%
359
5%
360
5%
361
5%
362
5%
363
5%
364
5%
365
5%
366
5%
367
5%
368
5%
369
5%
370
5%
371
5%
372
5%
373
5%
374
5%
375
5%
376
5%
377
5%
378
5%
379
5%
380
5%
381
5%
382
5%
383
5%
384
5%
385
5%
386
5%
387
5%
388
5%
389
5%
390
5%
391
5%
392
5%
393
5%
394
5%
395
5%
396
5%
397
5%
398
5%
399
5%
400
5%
401
5%
402
5%
403
5%
405
5%
406
5%
407
5%
408
5%
409
5%
410
5%
411
5%
412
5%
413
5%
414
5%
415
5%
416
5%
417
5%
418
5%
419
5%
420
5%
421
5%
422
5%
423
5%
425
5%
426
5%
427
5%
428
5%
429
5%
430
5%
431
5%
432
5%
433
5%
436
5%
437
5%
438
5%
439
5%
440
5%
441
5%
442
5%
443
5%
445
5%
446
5%
447
5%
448
5%
449
5%
450
5%
451
5%
452
5%
453
5%
454
5%
455
5%
456
5%
457
5%
458
5%
459
5%
460
5%
461
5%
462
5%
463
5%
464
5%
465
5%
466
5%
467
5%
468
5%
469
5%
470
5%
471
5%
472
5%
473
5%
474
5%
475
5%
476
5%
477
5%
478
5%
479
5%
480
5%
481
5%
482
5%
488
5%
491
5%
492
5%

Score Distribution

Percentile by Number Answered

Percent of People with Each Score

Your Score History

You have not taken this quiz